| 000 | 01554cam a2200301 i 4500 | ||
|---|---|---|---|
| 999 |
_c58230 _d58230 |
||
| 001 | 20051604 | ||
| 005 | 20221108160855.0 | ||
| 008 | 171004s2018 ilua b 001 0 eng c | ||
| 020 | _a9780226430577 X | ||
| 041 | _aeng | ||
| 080 | _a378.245.2:003.028.42 T-95 | ||
| 100 | 1 |
_aTurabian, Kate L., _912530 |
|
| 245 | 1 | 2 |
_aA manual for writers of research papers, theses, and dissertations : _bChicago Style for students and researchers / _cKate L. Turabian ; revised by Wayne C. Booth, Gregory G. Colomb, Joseph M. Williams, Joseph Bizup, William T. FitzGerald, and the University of Chicago Press editorial staff. |
| 250 | _a9th edition. | ||
| 264 | 1 |
_aChicago ; _aLondon : _bThe University of Chicago Press, _c2018. |
|
| 300 |
_a462 pages : _billustrations ; _c24 cm. |
||
| 490 | 1 | _aChicago guides to writing, editing, and publishing | |
| 504 | _aIncludes bibliographical references (pages 421-446) and index. | ||
| 653 | _aსახელმძღვანელო სამეცნიერო ნაშრომის, ნაშრომისა და დისერტაციის ავტორებისთვის | ||
| 653 | _aაკადემიური წერა | ||
| 700 | 1 |
_aBooth, Wayne C., _eeditor. _912531 |
|
| 700 | 1 |
_aColomb, Gregory G., _eeditor. _912532 |
|
| 700 | 1 |
_aWilliams, Joseph M., _eeditor. _912533 |
|
| 700 | 1 |
_aBizup, Joseph, _d1966- _eeditor. _912534 |
|
| 700 | 1 |
_aFitzGerald, William T., _eeditor. _912535 |
|
| 830 | 0 |
_aChicago guides to writing, editing, and publishing. _912517 |
|
| 942 |
_2udc _cBK |
||